Niedersachsen Geschichten und Geschichte

Bibliographic Details
Main Author: Buchholz, Goetz (Author)
Format: Book
Language:German
PhysicalDescription:159 s. 25 cm
Published: Hannover Landbuch c1998
ISBN:3784205658
Subjects:

MARC

LEADER 00000nam a2200000 a 4500
001 vtls001376880
003 SK-MaSNL
005 20260301115448.0
008 251124s1998 DE a r 0 ger
020 |a 3784205658  |c [945,00] 
035 |a SNK000330818 
040 |a SNK  |b slo  |c SNK  |e AACR2 
044 |a DE 
080 |a 930.85(430):779(084.12)  |2 1981 
100 1 |a Buchholz, Goetz  |4 aut  |9 460511 
245 1 0 |a Niedersachsen  |b Geschichten und Geschichte  |c Goetz Buchholz 
260 |a Hannover  |b Landbuch  |c c1998 
300 |a 159 s.  |c 25 cm 
651 7 |a Nemecko  |x mestá  |x hospodárstvo  |x kultúra  |x spoločnosť  |x dejiny ilustrované  |2 SNK  |9 460512 
919 |a 3-7842-0565-8 
999 |c 722293  |d 724223 
952 |t P60, <04>, [BOOK], {604}  |a SNK  |b SNK  |y VYP  |7 0  |p 17A0214587  |o snkIC 128209  |i snkV 1631/99  |0 0  |1 0  |4 0  |d 1999-12-02  |l 0  |r 2005-01-02 00:00:00  |w 2026-02-23